| 000 | 01473nam a22003377a 4500 | ||
|---|---|---|---|
| 005 | 20200104041628.0 | ||
| 008 | 131203b2003 ck ||||| |||| 00| 0 spa d | ||
| 041 | _aspa | ||
| 044 | _ack | ||
| 090 |
_aIAvH _b01595 |
||
| 110 |
_aTropembos,Colombia _926780 |
||
| 245 | 0 | 0 |
_aGeneración de alternativas productivas para el uso sostenible de la fauna silvestre como estrategia para disminuir el tráfico ilegal del recurso : _bResumen Ejecutivo :Proyecto Guacamayas |
| 260 |
_aBogotá _bMinambiente _bInstituto Alexander von Humboldt _bCorpoamazonia _bCorpoguajira _bCorpomojana _bCVC _bCorporación Valles del Sinu y San Jorge _c2003 |
||
| 300 |
_a20 p. _c28 cm. |
||
| 500 | _aManejo Sostenible de la Pluma Ornamental en el Medio Rio Caqueta Proyecto,Generación de alternativas productivas para el uso sostenible de la fauna silvestre como estrategia para disminuir el tráfico ilegal del recurso | ||
| 505 | _a | ||
| 650 | 4 |
_aUso sostenible de fauna silvestre _93185 |
|
| 650 | 4 |
_aConservación de biodiversidad _9345 |
|
| 650 | 4 |
_aAprovechamiento sostenible _93189 |
|
| 650 | 4 |
_aGuacamayas _93190 |
|
| 650 | 4 |
_aPlumas ornamentales _93191 |
|
| 650 | 4 |
_aAves ornamentales _93192 |
|
| 650 | 4 |
_aComunidad Nonuya _93194 |
|
| 650 | 4 |
_aComunidad Uitoto _93195 |
|
| 650 | 4 |
_aComunidad Upichia _93196 |
|
| 650 | 4 |
_aComunidad Andoke _93197 |
|
| 651 |
_aColombia _zcaqueta _926837 |
||
| 651 |
_aColombia _zAmazonas Colombia _926838 |
||
| 662 | _aColombia | ||
| 942 |
_cINFORME _2z |
||
| 999 |
_c8681 _d8681 |
||